000 01016nam a22002537a 4500
005 20170124103106.0
010 _aA-933063
020 _c00.00
035 _aA-933063
037 _bCen Lib/Ret
040 _aDPL
_bHN
082 _a070.4
_bगुरुश
100 _aगुरु शरण लाल
_945799
245 _aपत्रकारिता के सिधांत /
_cगुरु शरण लाल
246 _aPatrkarita ke sidhant /
_bby Guru Sharan Lal
260 _aलखनऊ
_bभारत बुक सेंटर
_c1997
270 _bलखनऊ
_a17, अशोक विहार
_e226001
300 _a184पृ.
_c17सेमी (सजिल्द)
650 _aहिंदी-पत्रकारिता
_91191
650 _aहिंदी-पत्रकारिता--सिधांत
_945095
650 _aHindi--journalism
_943511
650 _aHindi-journalism - principles
_978437
942 _2ddc
_cHN
_h070.4
_mगुरुश
999 _c118120
_d118120